Paulus ohne Gott: Eine charakterologische Untersuchung

Gardado en:
Detalles Bibliográficos
Autor Principal: Zürner, Bernhard (Author)
Formato: Libro
Idioma:alemán
Publicado: Bonn Bouvier Verlag 1996
Subjects:
Tags: Engadir etiqueta
Sen Etiquetas, Sexa o primeiro en etiquetar este rexistro!

MARC

LEADER 00000nam a2200000 a 4500
001 UCS5907
003 CL-VaPUC
008 970906e19960000GW |||||||||||||||||ger|d
082 0 4 |a 227  |b ZUR  |2 21 
100 0 |a Zürner, Bernhard  |e author  |9 391466 
245 1 0 |a Paulus ohne Gott: Eine charakterologische Untersuchung 
300 |a 826 p 
942 |c BK 
945 |d 19970906 00:00:00  |a aalvarez 
260 |a Bonn  |b Bouvier Verlag  |c 1996 
600 0 |a Pablo de Tarso, Santo  |9 321163 
583 |a last modification  |c 19970906 00:00:00  |k Rodrigo Vera 
999 |c 262035  |d 262033 
952 |0 0  |1 2  |4 0  |6 227_000000000000000_ZUR_1996  |7 0  |8 A  |9 290195  |a BIBTEO  |b BIBTEO  |d 2019-11-19  |i 333628K  |o 227 ZUR 1996  |p 333628K  |r 2019-11-19  |w 2019-11-19  |x Descarte 2019  |y BK  |k ICR